000 01146nam0a22003011 4500
001 rc\3708803
005 20130115152816.9
021 _aRU
_b[71-17750]
035 _a(NLR Aleph) 007856983
090 _a7792227
_c7792227
100 _a20130115d1971 |||y0rusy50 ca
101 0 _arus
102 _aRU
105 _aa z |||||
200 1 _aОсновы стандартизации
_e[Для вузов СССР]
205 _a2-е изд., перераб.
210 _aМосква
_cВысш. школа
_d1971
215 _a296 с.
_cил.
_d20
300 _a1-е изд. вышло под загл.: Основы стандартизации и нормализации
320 _aБиблиогр.: с. 292-293 (35 назв.)
451 0 _12001#$aОсновы стандартизации и нормализации
_1205##$a1-е изд.
606 _aСтандартизация в СССР
_jУчебники и пособия
_2psbo
700 1 _aКохтев
_bА. А.
_gАлександр Андреевич
801 0 _aRU
_bNLR
_gpsbo
801 1 _aRU
_bELAR
_2rusmarc
852 _aNLR
_j71-3/1780
942 _cBOOK
980 _aNB